|
|
|
|
| LEADER |
00000nam0a2200000 4500 |
| 001 |
292392 |
| 005 |
20231102000505.0 |
| 035 |
|
|
|a (RuTPU)RU\TPU\book\317011
|
| 035 |
|
|
|a RU\TPU\book\78341
|
| 090 |
|
|
|a 292392
|
| 100 |
|
|
|a 20150422d1979 k y0rusy50 ca
|
| 101 |
0 |
|
|a rus
|
| 102 |
|
|
|a RU
|
| 105 |
|
|
|a a z 001zy
|
| 200 |
1 |
|
|a Оценка реакторных параметров методом Монте- Карло (Теория возмущений)
|f В. Г. Золотухин, Д. А. Усиков
|
| 210 |
|
|
|a Москва
|c Энергоатомиздат
|d 1979
|
| 215 |
|
|
|a 91 с.
|c ил.
|
| 225 |
1 |
|
|a Физика ядерных реакторов
|
| 320 |
|
|
|a Библиогр.: с. 88-91.
|
| 606 |
1 |
|
|a Ядерные реакторы
|x Физика
|2 stltpush
|3 (RuTPU)RU\TPU\subj\21697
|9 46650
|
| 610 |
1 |
|
|a метод Монте-Карло
|
| 610 |
1 |
|
|a реакторные задачи
|
| 610 |
1 |
|
|a расчет
|
| 610 |
1 |
|
|a уравнения критичности
|
| 610 |
1 |
|
|a решения
|
| 610 |
1 |
|
|a ядерные реакторы
|
| 610 |
1 |
|
|a параметры
|
| 610 |
1 |
|
|a возмущения
|
| 675 |
|
|
|a 621.039.51
|v 3
|
| 700 |
|
1 |
|a Золотухин
|b В. Г.
|g Валерий Григорьевич
|
| 701 |
|
1 |
|a Усиков
|b Д. А.
|g Даниэль Алексеевич
|
| 801 |
|
1 |
|a RU
|b 63413507
|c 20050216
|g PSBO
|
| 801 |
|
2 |
|a RU
|b 63413507
|c 20170923
|g PSBO
|
| 900 |
|
|
|a Метод Монте-Карло в науке и технике
|
| 942 |
|
|
|c BK
|